MARC detaily
| 000 -LEADER |
| fixed length control field |
03233cam a2200649 4500 |
| 001 - CONTROL NUMBER |
| control field |
vtls011999862 |
| 003 - CONTROL NUMBER IDENTIFIER |
| control field |
VRT |
| 005 - DATE AND TIME OF LATEST TRANSACTION |
| control field |
20230101195555.0 |
| 008 - FIXED-LENGTH DATA ELEMENTS--GENERAL INFORMATION |
| fixed length control field |
220509s2020 xo oa grhf 000 0dslo |
| 015 ## - NATIONAL BIBLIOGRAPHY NUMBER |
| National bibliography number |
SNBA2020/11 |
| 020 ## - INTERNATIONAL STANDARD BOOK NUMBER |
| International Standard Book Number |
9788099975027 |
| Qualifying information |
(brožované) |
| 035 ## - SYSTEM CONTROL NUMBER |
| System control number |
urn:nbn:sk:snk-am00ggff |
| 035 ## - SYSTEM CONTROL NUMBER |
| System control number |
urn:nbn:sk:snk-am3j6z6 |
| 035 ## - SYSTEM CONTROL NUMBER |
| System control number |
2CDE1ECD-9DE1-433B-A38D-A65096D09A85 |
| 039 #9 - LEVEL OF BIBLIOGRAPHIC CONTROL AND CODING DETAIL [OBSOLETE] |
| Level of rules in bibliographic description |
202205091652 |
| Level of effort used to assign nonsubject heading access points |
VLOAD |
| Level of effort used to assign subject headings |
202204221149 |
| Level of effort used to assign classification |
VLOAD |
| Level of effort used to assign subject headings |
202012110953 |
| Level of effort used to assign classification |
msvkbb03 |
| Level of effort used to assign subject headings |
202012031022 |
| Level of effort used to assign classification |
msvkpo26 |
| 040 ## - CATALOGING SOURCE |
| Original cataloging agency |
SVKPO |
| Language of cataloging |
slo |
| Transcribing agency |
SVKPO |
| Description conventions |
rda |
| 041 1# - LANGUAGE CODE |
| Language code of text/sound track or separate title |
slo |
| Language code of original |
eng |
| 044 ## - COUNTRY OF PUBLISHING/PRODUCING ENTITY CODE |
| MARC country code |
xo |
| ISO country code |
SK |
| 072 #7 - SUBJECT CATEGORY CODE |
| Subject category code |
159.93/.94 |
| Subject category code subdivision |
Senzorické a motorické funkcie. Emócie. Vôľa |
| Source |
konspekt |
| 072 #7 - SUBJECT CATEGORY CODE |
| Subject category code |
929 |
| Subject category code subdivision |
Biografie |
| Source |
konspekt |
| 080 ## - UNIVERSAL DECIMAL CLASSIFICATION NUMBER |
| Universal Decimal Classification number |
159.947.5 |
| Edition identifier |
2011 |
| 080 ## - UNIVERSAL DECIMAL CLASSIFICATION NUMBER |
| Universal Decimal Classification number |
17.024.4 |
| Edition identifier |
2011 |
| 080 ## - UNIVERSAL DECIMAL CLASSIFICATION NUMBER |
| Universal Decimal Classification number |
(035) |
| Edition identifier |
2011 |
| 080 ## - UNIVERSAL DECIMAL CLASSIFICATION NUMBER |
| Universal Decimal Classification number |
(092) |
| Edition identifier |
2011 |
| 100 1# - MAIN ENTRY--PERSONAL NAME |
| Personal name |
Adams, Scott |
| Relationship |
aut |
| 240 10 - UNIFORM TITLE |
| Uniform title |
How to fail at almost everything and still win big |
| Language of a work |
Slovensky |
| 245 10 - TITLE STATEMENT |
| Title |
Ako zlyhať takmer vo všetkom a predsa vyhrať |
| Statement of responsibility, etc. |
Scott Adams ; z angličtiny preložil Lukáš Bendík |
| 264 #1 - PRODUCTION, PUBLICATION, DISTRIBUTION, MANUFACTURE, AND COPYRIGHT NOTICE |
| Place of production, publication, distribution, manufacture |
[Žilina] |
| Name of producer, publisher, distributor, manufacturer |
Bajkal |
| Date of production, publication, distribution, manufacture, or copyright notice |
2020 |
| 300 ## - PHYSICAL DESCRIPTION |
| Extent |
256 strán |
| Other physical details |
ilustrácie |
| Dimensions |
21 cm |
| 336 ## - CONTENT TYPE |
| Content type term |
text |
| Content type code |
txt |
| Source |
rdacontent |
| 337 ## - MEDIA TYPE |
| Media type term |
bez média |
| Media type code |
n |
| Source |
rdamedia |
| 338 ## - CARRIER TYPE |
| Carrier type term |
zväzok |
| Carrier type code |
nc |
| Source |
rdacarrier |
| 490 1# - SERIES STATEMENT |
| Series statement |
Knihy Bajkal |
| 500 ## - GENERAL NOTE |
| General note |
Miesto vydania podľa NA ISBN |
| 504 ## - BIBLIOGRAPHY, ETC. NOTE |
| Bibliography, etc. note |
Obsahuje bibliografické odkazy a poznámky |
| 520 ## - SUMMARY, ETC. |
| Summary, etc. |
Scott Adams pravdepodobne v živote zlyhal viackrát než ktokoľvek z nás. Ako sa mu teda podarilo vypracovať sa z pozície nevýznamného korporačného zamestnanca a viacnásobne neúspešného podnikateľa na tvorcu jedného z najznámejších komiksov z pracovného prostredia Dilbert?<br/><br/>Adams tvrdí, že zlyhanie môže byť naším priateľom a dokonca základom budúceho úspechu. Neúspech treba privítať, pozorovať a nenechať odísť skôr, kým ho nerozporciujeme a nevyťažíme z neho čokoľvek pozitívne, čo nás môže posunúť vpred. Adams sám úprimne odkrýva vlastné zlyhania a ukazuje spôsob, ako sa postupne naučil systematicky zlyhávať smerom k úspechu. Napriek zranenému egu dokázal zo svojich neúspechov vyťažiť niekoľko nepravdepodobných a užitočných lekcií, o ktoré sa s humorom sebe vlastným podelí s čitateľmi tejto knihy. |
| 650 07 - SUBJECT ADDED ENTRY--TOPICAL TERM |
| Topical term or geographic name entry element |
motivácia |
| Source of heading or term |
SNKPH |
| 650 07 - SUBJECT ADDED ENTRY--TOPICAL TERM |
| Topical term or geographic name entry element |
úspech |
| Source of heading or term |
SNKPH |
| 650 07 - SUBJECT ADDED ENTRY--TOPICAL TERM |
| Topical term or geographic name entry element |
Motivation (psychology) |
| Source of heading or term |
SNKPHeng |
| 650 07 - SUBJECT ADDED ENTRY--TOPICAL TERM |
| Topical term or geographic name entry element |
Succes |
| Source of heading or term |
SNKPHeng |
| 650 07 - SUBJECT ADDED ENTRY--TOPICAL TERM |
| Topical term or geographic name entry element |
sebareflexia |
| Source of heading or term |
SNKPH |
| 655 #7 - INDEX TERM--GENRE/FORM |
| Genre/form data or focus term |
príručky |
| Source of term |
SNKPH |
| 655 #7 - INDEX TERM--GENRE/FORM |
| Genre/form data or focus term |
Handbooks, manuals, etc. |
| Source of term |
SNKPHeng |
| 655 #7 - INDEX TERM--GENRE/FORM |
| Genre/form data or focus term |
autobiografie |
| Source of term |
SNKPH |
| 655 #7 - INDEX TERM--GENRE/FORM |
| Genre/form data or focus term |
Autobiography |
| Source of term |
SNKPHeng |
| 700 1# - ADDED ENTRY--PERSONAL NAME |
| Personal name |
Bendík, Lukáš |
| Relationship |
trl |
| 830 #0 - SERIES ADDED ENTRY--UNIFORM TITLE |
| Uniform title |
Knihy Bajkal |
| 910 ## - USER-OPTION DATA (OCLC) |
| User-option data |
snk |
| 942 ## - ADDED ENTRY ELEMENTS (KOHA) |
| Source of classification or shelving scheme |
Dewey Decimal Classification |
| Koha item type |
Knihy |
| Suppress in OPAC |
No |
| 949 ## - LOCAL PROCESSING INFORMATION (OCLC) |
| 6 |
3707000000487014 |
| a |
ttkjf159/AD |
| b |
ttkjf2020/487014 |
| o |
Lazík 10200137 |
| 949 ## - LOCAL PROCESSING INFORMATION (OCLC) |
| 6 |
270001000613554 |
| a |
svkbbA 162151 |
| b |
svkbbm 793245 |
| 949 ## - LOCAL PROCESSING INFORMATION (OCLC) |
| 6 |
17A1445891 |
| a |
snkSC 190771 D1 |
| b |
snk2020/19690 |
| o |
1749/2020 |
| 949 ## - LOCAL PROCESSING INFORMATION (OCLC) |
| 6 |
273K0654030 |
| a |
svkpoA 246030 |
| b |
svkpo648637 |
| 949 ## - LOCAL PROCESSING INFORMATION (OCLC) |
| 6 |
2741077864 |
| a |
spk334854 |
| b |
spk2020/334854 |
| 949 ## - LOCAL PROCESSING INFORMATION (OCLC) |
| 6 |
3700342335 |
| 9 |
N-159 |
| a |
sezk184915 |
| b |
sezk2020/184915 |
| o |
Panta76/2020 |
| 949 ## - LOCAL PROCESSING INFORMATION (OCLC) |
| 6 |
17A1445890 |
| a |
snkSC 190771 |
| b |
snk2020/19689 |
| o |
1749/2020 |
| s |
6100:20201202 |